Statistics for Can You Type The Official Names Of All The World Countries? - Medium

Click here to take the quiz!

General Stats

  • This quiz has been taken 5 times
  • The average score is 108 of 205

Answer Stats

ContinentName% Correct
EuropeKingdom of Norway
100%
EuropeKingdom of Sweden
100%
AsiaUnited Arab Emirates
100%
North AmericaUnited States of America
100%
EuropeCzechia
75%
AsiaDemocratic People's Republic of Korea
75%
AfricaDemocratic Republic of the Congo
75%
OceaniaFederated States of Micronesia
75%
AsiaIslamic Emirate of Afghanistan
75%
AsiaIslamic Republic of Iran
75%
AsiaJapan
75%
EuropeKingdom of Belgium
75%
AsiaKingdom of Saudi Arabia
75%
EuropeKingdom of Spain
75%
AsiaPeople's Republic of China
75%
EuropeRepublic of Finland
75%
EuropeRepublic of Iceland
75%
AsiaRepublic of Iraq
75%
EuropeRepublic of Ireland
75%
AsiaRepublic of Yemen
75%
EuropeUnited Kingdom of Great Britain and Northern Ireland
75%
North AmericaAntigua and Barbuda
50%
AfricaArab Republic of Egypt
50%
South AmericaArgentine Republic
50%
North AmericaBarbados
50%
North AmericaBelize
50%
South AmericaBolivarian Republic of Venezuela
50%
EuropeBosnia and Herzegovina
50%
AsiaBrunei Darussalam
50%
AfricaBurkina Faso
50%
AfricaCentral African Republic
50%
OceaniaCommonwealth of Australia
50%
North AmericaCommonwealth of Dominica
50%
North AmericaCommonwealth of the Bahamas
50%
OceaniaCook Islands
50%
South AmericaCo-operative Republic of Guyana
50%
AfricaDemocratic Republic of Sao Tome and Principe
50%
AsiaDemocratic Republic of Timor-Leste
50%
AsiaDemocratic Socialist Republic of Sri Lanka
50%
North AmericaDominican Republic
50%
North AmericaDominion of Canada
50%
AfricaFederal Democratic Republic of Ethiopia
50%
AsiaFederal Democratic Republic of Nepal
50%
EuropeFederal Republic of Germany
50%
AfricaFederal Republic of Nigeria
50%
AfricaFederal Republic of Somalia
50%
AsiaFederation of Malaysia
50%
North AmericaFederation of Saint Kitts and Nevis
50%
South AmericaFederative Republic of Brazil
50%
EuropeFrench Republic
50%
AfricaGabonese Republic
50%
AsiaGeorgia
50%
EuropeGrand Duchy of Luxembourg
50%
North AmericaGrenada
50%
AsiaHashemite Kingdom of Jordan
50%
EuropeHellenic Republic
50%
EuropeHungary
50%
OceaniaIndependent State of Papua New Guinea
50%
OceaniaIndependent State of Samoa
50%
AfricaIslamic Republic of Mauritania
50%
AsiaIslamic Republic of Pakistan
50%
EuropeItalian Republic
50%
North AmericaJamaica
50%
AsiaKingdom of Bahrain
50%
AsiaKingdom of Bhutan
50%
AsiaKingdom of Cambodia
50%
AfricaKingdom of Eswatini
50%
AfricaKingdom of Lesotho
50%
AfricaKingdom of Morocco
50%
AsiaKingdom of Thailand
50%
EuropeKingdom of the Netherlands
50%
OceaniaKingdom of Tonga
50%
AsiaKyrgyz Republic
50%
AsiaLaos People's Democratic Republic
50%
AsiaLebanese Republic
50%
AsiaMongolia
50%
OceaniaNew Zealand
50%
OceaniaNiue
50%
South AmericaOriental Republic of Uruguay
50%
AsiaPeople's Republic of Bangladesh
50%
EuropePeople's Republic of Montenegro
50%
South AmericaPlurinational State of Bolivia
50%
EuropePortugese Republic
50%
EuropePridnestrovian Moldavian Republic
50%
EuropePrincipality of Andorra
50%
EuropePrincipality of Liechtenstein
50%
EuropePrincipality of Monaco
50%
AsiaRepublic of Abkhazia
50%
EuropeRepublic of Albania
50%
AfricaRepublic of Angola
50%
AsiaRepublic of Armenia
50%
AsiaRepublic of Artzakh
50%
EuropeRepublic of Austria
50%
AsiaRepublic of Azerbaijan
50%
EuropeRepublic of Belarus
50%
AfricaRepublic of Benin
50%
AfricaRepublic of Botswana
50%
EuropeRepublic of Bulgaria
50%
AfricaRepublic of Burundi
50%
AfricaRepublic of Cabo Verde
50%
AfricaRepublic of Cameroon
50%
AfricaRepublic of Chad
50%
South AmericaRepublic of Chile
50%
AsiaRepublic of China
50%
South AmericaRepublic of Colombia
50%
North AmericaRepublic of Costa Rica
50%
AfricaRepublic of Cote d'Ivoire
50%
EuropeRepublic of Croatia
50%
North AmericaRepublic of Cuba
50%
AsiaRepublic of Cyprus
50%
AfricaRepublic of Djibouti
50%
South AmericaRepublic of Ecuador
50%
North AmericaRepublic of El Salvador
50%
AfricaRepublic of Equatorial Guinea
50%
EuropeRepublic of Estonia
50%
OceaniaRepublic of Fiji
50%
AfricaRepublic of Ghana
50%
North AmericaRepublic of Guatemala
50%
AfricaRepublic of Guinea
50%
AfricaRepublic of Guinea-Bissau
50%
North AmericaRepublic of Haiti
50%
North AmericaRepublic of Honduras
50%
AsiaRepublic of India
50%
AsiaRepublic of Indonesia
50%
AsiaRepublic of Kazakhstan
50%
AfricaRepublic of Kenya
50%
OceaniaRepublic of Kiribati
50%
AsiaRepublic of Korea
50%
EuropeRepublic of Kosovo
50%
EuropeRepublic of Latvia
50%
AfricaRepublic of Liberia
50%
EuropeRepublic of Lithuania
50%
AfricaRepublic of Madagascar
50%
AfricaRepublic of Malawi
50%
AsiaRepublic of Maldives
50%
AfricaRepublic of Mali
50%
EuropeRepublic of Malta
50%
AfricaRepublic of Mauritius
50%
EuropeRepublic of Moldova
50%
AfricaRepublic of Mozambique
50%
AfricaRepublic of Namibia
50%
OceaniaRepublic of Nauru
50%
North AmericaRepublic of Nicaragua
50%
AfricaRepublic of Niger
50%
EuropeRepublic of North Macedonia
50%
OceaniaRepublic of Palau
50%
North AmericaRepublic of Panama
50%
South AmericaRepublic of Paraguay
50%
South AmericaRepublic of Peru
50%
EuropeRepublic of Poland
50%
AfricaRepublic of Rwanda
50%
EuropeRepublic of San Marino
50%
AfricaRepublic of Senegal
50%
EuropeRepublic of Serbia
50%
AfricaRepublic of Seychelles
50%
AfricaRepublic of Sierra Leone
50%
AsiaRepublic of Singapore
50%
EuropeRepublic of Slovenia
50%
AfricaRepublic of Somaliland
50%
AfricaRepublic of South Africa
50%
AfricaRepublic of South Sudan
50%
AfricaRepublic of Sudan
50%
South AmericaRepublic of Suriname
50%
AsiaRepublic of Tajikistan
50%
AfricaRepublic of the Congo
50%
AfricaRepublic of the Gambia
50%
OceaniaRepublic of the Marshall Islands
50%
AsiaRepublic of the Philippines
50%
AsiaRepublic of the Union of Myanmar
50%
North AmericaRepublic of Trinidad and Tobago
50%
AfricaRepublic of Tunisia
50%
AsiaRepublic of Turkiye
50%
AfricaRepublic of Uganda
50%
AsiaRepublic of Uzbekistan
50%
OceaniaRepublic of Vanuatu
50%
AfricaRepublic of Zambia
50%
AfricaRepublic of Zimbabwe
50%
EuropeRomania
50%
AsiaRussian Federation
50%
AfricaSahrawi Arab Democratic Republic
50%
North AmericaSaint Lucia
50%
North AmericaSaint Vincent and the Grenadines
50%
EuropeSlovak Republic
50%
AsiaSocialist Republic of Vietnam
50%
OceaniaSolomon Islands
50%
AfricaState of Eritrea
50%
AsiaState of Israel
50%
AsiaState of Kuwait
50%
AfricaState of Libya
50%
AsiaState of Palestine
50%
AsiaState of Qatar
50%
AsiaSultanate of Oman
50%
EuropeSwiss Confederation
50%
AsiaSyrian Arab Republic
50%
AfricaTogolese Republic
50%
AsiaTurkish Republic of Northern Cyprus
50%
AsiaTurkmenistan
50%
OceaniaTuvalu
50%
EuropeUkraine
50%
AfricaUnion of Comoros
50%
North AmericaUnited Mexican States
50%
AfricaUnited Republic of Tanzania
50%
EuropeVatican City State
50%
AfricaPeople's Republic of Algeria
25%
AsiaRepublic of South Ossetia - State of Alania
25%

Score Distribution

Percentile by Number Answered

Percent of People with Each Score

Your Score History

You have not taken this quiz